000 nam a22 7a 4500
999 _c9580
_d9580
008 180205b ||||| |||| 00| 0 eng d
100 _aBhat, R L
_95728
245 _aA B C of Social Science -VIII
260 _aNew Delhi
_bHoly Faith Publication
_c1996